| 000 | 00922nam a2200277Ia 4500 | ||
|---|---|---|---|
| 003 | GCL | ||
| 008 | 140319s9999 xx 000 0 ara d | ||
| 040 |
_aGCL / _cGCL |
||
| 082 | 0 | 4 |
_a658.3 _bص ا |
| 100 | 1 | _aصلاح الشنوانى | |
| 245 | 1 | 0 |
_aادارة الافراد والعلاقات الانسانية مدخل الاهداف / _cصلاح الشنوانى |
| 260 |
_a[S.N] : _bمؤسسة الناشر الجامعة ، _c1994 |
||
| 300 | _a644 ص | ||
| 490 | _a | ||
| 650 | 0 | 4 | _aادارة الاعمال |
| 650 | 0 | 4 | _aالعلاقات الانسانية |
| 650 | 0 | 4 | _aالادارة |
| 650 | 0 | 4 | _aالادارة العامة |
| 650 | 0 | 4 | _aادارة الافراد |
| 650 | 0 | 4 | _aتقييم الوظائف |
| 650 | 0 | 4 | _aحوافز الانتاج |
| 650 | 0 | 4 | _aالتنمية الادارية |
| 650 | 0 | 4 | _aالبيروقراطية |
| 650 | 0 | 4 | _aتحليل الوظائف |
| 942 |
_2ddc _cBK |
||
| 999 |
_c29592 _d29592 |
||